Orientación espacial diferenciación izquierda-derecha, esquema corporal
Saved in:
| Main Authors: | , |
|---|---|
| Format: | Bog |
| Sprog: | spansk |
| Udgivet: |
Madrid
ICCE
1994
|
| Serier: | Refuerzo y Desarrollo de Habilidades Mentales Básicas. Iniciación 1.3
|
| Fag: | |
| Tags: |
Tilføj Tag
Ingen Tags, Vær først til at tagge denne postø!
|
MARC
| LEADER | 00000nam a2200000 a 4500 | ||
|---|---|---|---|
| 001 | UCO7796 | ||
| 003 | CL-VaPUC | ||
| 008 | 001124e19940000SP |||||||||||||||||spa|d | ||
| 082 | 0 | 4 | |a 370.155 |b YUS |2 21 |
| 100 | 0 | |a Yuste Hernanz, Carlos |e author |9 452543 | |
| 700 | |a García Nieto, Narciso |e author |9 546696 | ||
| 245 | 1 | 0 | |a Orientación espacial diferenciación izquierda-derecha, esquema corporal |
| 300 | |a 111 p | ||
| 942 | |c BK | ||
| 945 | |d 20001124 00:00:00 |a rbrito | ||
| 260 | |a Madrid |b ICCE |c 1994 | ||
| 650 | 7 | |a DESARROLLO PSICOMOTOR |2 CL-VaPUC |9 335818 | |
| 650 | 0 | |a Aptitud motora |9 307353 | |
| 650 | 0 | |a Educación básica |9 224933 | |
| 650 | 0 | |a Métodos de enseñanza |9 270413 | |
| 650 | 0 | |a Procesos mentales superiores |9 330839 | |
| 583 | |a last modification |c 20001124 00:00:00 |k Rodrigo Vera | ||
| 490 | 0 | |a Refuerzo y Desarrollo de Habilidades Mentales Básicas. Iniciación 1.3 | |
| 999 | |c 292672 |d 292670 | ||
| 952 | |0 0 |1 0 |4 0 |6 370_155000000000000_YUS_1994 |7 0 |8 A |9 343719 |a BIBEDU |b BIBEDU |d 2019-11-20 |i 3660281 |o 370.155 YUS 1994 |p 3660281 |r 2019-11-20 |w 2019-11-20 |y BK |k BME | ||